Comment est gouvernee l'Espagne / (Record n. 29580)

Dettagli MARC
000 -LEADER
fixed length control field 00613nam a2200193 i 4500
003 - CONTROL NUMBER IDENTIFIER
control field IT-RoINE
005 - DATE AND TIME OF LATEST TRANSACTION
control field 20190313105838.0
008 - FIXED-LENGTH DATA ELEMENTS--GENERAL INFORMATION
fixed length control field 061204s1949 sp |||||r |||||||fre|d
040 ## - CATALOGING SOURCE
Transcribing agency IT-RoINE
Modifying agency IT-RoINE
100 1# - MAIN ENTRY--PERSONAL NAME
Personal name Fraga Iribarne, Manuel,
9 (RLIN) 550
Dates associated with a name 1922-2012
245 10 - TITLE STATEMENT
Title Comment est gouvernee l'Espagne /
Statement of responsibility, etc Manuel Fraga Iribarne.
260 ## - PUBLICATION, DISTRIBUTION, ETC. (IMPRINT)
Place of publication, distribution, etc Madrid :
Name of publisher, distributor, etc Bureau d'information diplomatique,
Date of publication, distribution, etc 1949.
300 ## - PHYSICAL DESCRIPTION
Extent 118 p. ;
Dimensions 18 cm.
336 ## - CONTENT TYPE
Source rdacontent
Content type term text
337 ## - MEDIA TYPE
Source rdamedia
Media type term unmediated
338 ## - CARRIER TYPE
Source rdacarrier
Carrier type term volume
651 #4 - SUBJECT ADDED ENTRY--GEOGRAPHIC NAME
9 (RLIN) 16210
Geographic name España
General subdivision Política y gobierno
Chronological subdivision 1939-1975
942 ## - ADDED ENTRY ELEMENTS (KOHA)
Item type Monografías
Dati di copia
Withdrawn status Lost status Damaged status Not for loan Home library Current library Date acquired Total Checkouts Full call number Barcode Date last seen Price effective from Koha item type
        Iglesia Nacional Española en Roma Iglesia Nacional Española en Roma 13/03/2019   HIS.ESP.4. 1582 55501 13/03/2019 13/03/2019 Monografías